Aladino y la lámpara maravillosa : (Registro nro. 2611)

Detalles MARC
000 -CABECERA
Longitud fija campo de control 01065nam a2200313 a 4500
003 - • IDENTIFICADOR DELl NÚMERO DE CONTROL
Identificador del número de control CO-ViMGA
008 - • CÓDIGOS DE INFORMACIÓN DE LONGITUD FIJA
Códigos de información de longitud fija 141112s2004 ck r 000 u spa d
020 ## - • NÚMERO INTERNACIONAL NORMALIZADO PARA LIBROS
Número Internacional Normalizado para Libros (ISBN) 9789581414109
040 ## - FUENTE DE LA CATALOGACIÓN
Centro catalogador de origen CO-ViMGA
Lengua de catalogación spa
Centro transcriptor CO-ViMGA
041 ## - • CÓDIGO DE LENGUA
Código de lengua del texto/banda sonora o título independiente SPA
100 1# - • PUNTO DE ACCESO PRINCIPAL-NOMBRE DE PERSONA
Nombre de persona Vallverdú i Aixala, Josep, 1923 -
245 10 - • TITULO PROPIAMENTE DICHO
Título Aladino y la lámpara maravillosa :
Resto del título cuento de Las mil y una noches /
Mención de responsabilidad, etc. adaptación de Josep Vallverdú; versión castellana de Susanna Esquerdo; ilustraciones de Pep Montserrat
250 ## - • MENCIÓN DE EDICIÓN
Mención de edición 1a ed.
300 ## - • DESCRIPCIÓN FÍSICA
Extensión 22 p. . il. col. : il.
490 ## - • MENCIÓN DE SERIE
Mención de serie Popular
650 14 - • PUNTO DE ACCESO ADICIONAL DE MATERIA - TÉRMINO DE MATERIA
Término de materia o nombre geográfico como elemento inicial AMBICION - CUENTO
650 14 - • PUNTO DE ACCESO ADICIONAL DE MATERIA - TÉRMINO DE MATERIA
Término de materia o nombre geográfico como elemento inicial CUENTOS INFANTILES
650 14 - • PUNTO DE ACCESO ADICIONAL DE MATERIA - TÉRMINO DE MATERIA
Término de materia o nombre geográfico como elemento inicial CUENTOS ORIENTALES
650 14 - • PUNTO DE ACCESO ADICIONAL DE MATERIA - TÉRMINO DE MATERIA
Término de materia o nombre geográfico como elemento inicial CUENTOS POPULARES - ADAPTACIONES
650 14 - • PUNTO DE ACCESO ADICIONAL DE MATERIA - TÉRMINO DE MATERIA
Término de materia o nombre geográfico como elemento inicial DESDE LOS 6 AÑOS
650 14 - • PUNTO DE ACCESO ADICIONAL DE MATERIA - TÉRMINO DE MATERIA
Término de materia o nombre geográfico como elemento inicial GIGANTES - CUENTO
650 14 - • PUNTO DE ACCESO ADICIONAL DE MATERIA - TÉRMINO DE MATERIA
Término de materia o nombre geográfico como elemento inicial OBJETOS MAGICOS - CUENTO
700 1# - • PUNTO DE ACCESO ADICIONAL - NOMBRE DE PERSONA
Nombre de persona Esquerdo, Susanna
700 1# - • PUNTO DE ACCESO ADICIONAL - NOMBRE DE PERSONA
Nombre de persona Montserrat, Pep
942 ## - ENTRADA DE ELEMENTOS AGREGADOS (KOHA)
Fuente de clasificaión o esquema Dewey Decimal Classification
Koha [por defecto] tipo de item LIbro
Existencias
Perdido Fuente de clasificación o esquema Estado Físico No para préstamo Forma de adquisición Localización permanente Localización actual Localización en estanterías Fecha adquisición Calificador de ubicación codificada Serie de enumeración / cronolog&íacute;a Préstamos totales Signatura completa Código de barras Fecha última consulta Número de copia Fecha del precio de reemplazo Tipo de item de Koha Fecha último préstamo Fuente de adquisición
  Dewey Decimal Classification     Infantil Biblioteca Pública Cubarral Biblioteca Pública Cubarral Sala Infantil 07/25/2023         CUB00802 07/25/2023 Ej.1 07/25/2023 Libro Infantil    
  Dewey Decimal Classification     Infantil Biblioteca Pública Cumaral - Alvaro Garzon Torres Biblioteca Pública Cumaral - Alvaro Garzon Torres Sala Infantil 12/15/2022 sala infantil tercer estante arriba Dewey I 741.5   I 398.2 MECUM04935 12/15/2022 Ej.1 12/15/2022 Libro Infantil    
  Dewey Decimal Classification     Infantil Biblioteca Pública Dorado Biblioteca Pública Dorado Sala Infantil 11/01/2023       C VAL15 DOR03149 11/01/2023 Ej.1 11/01/2023 LIbro    
  Dewey Decimal Classification     Infantil Biblioteca Pública Puerto López - Jorge Eliecer Gaitán Biblioteca Pública Puerto López - Jorge Eliecer Gaitán Sala Infantil 05/12/2025         PLZ01193 05/12/2025 Ej.1 05/12/2025 LIbro    
  Dewey Decimal Classification     Infantil Biblioteca Pública San Carlos de Guaroa - Eduardo Carranza Biblioteca Pública San Carlos de Guaroa - Eduardo Carranza Sala Infantil 05/17/2023         SG00363 05/17/2023 Ej.1 05/17/2023 Libro Infantil    
  Dewey Decimal Classification     Sala Infantil Segundo Piso Biblioteca Pública Germán Arciniegas - Villavicencio Biblioteca Pública Germán Arciniegas - Villavicencio   12/04/2015   16/abr/2013   C VAL15 25869 12/04/2015 Ej. 1 12/04/2015 LIbro    
  Dewey Decimal Classification     Infantil Biblioteca Pública Granada - Boca del Monte Biblioteca Pública Granada - Boca del Monte Sala Infantil 08/26/2025       C VALL GRDA00333 08/26/2025 Ej.1 08/26/2025 LIbro    
  Dewey Decimal Classification     Infantil Biblioteca Pública La Macarena Biblioteca Pública La Macarena Sala Infantil 06/07/2024       C VAL15 LM001450 06/07/2024 Ej.1 06/07/2024 Libro Infantil    
  Dewey Decimal Classification     Infantil Biblioteca Pública Mapiripan Biblioteca Pública Mapiripan Sala Infantil 01/22/2024       C VAL15 MAP00003153 01/22/2024 Ej.1 01/22/2024 LIbro    
  Dewey Decimal Classification       Biblioteca Pública Mesetas - Franco lodo Poloxi Biblioteca Pública Mesetas - Franco lodo Poloxi Sala Infantil 02/22/2024       VALI5 ME00090 02/22/2024 Ej.1 02/22/2024 LIbro    
  Dewey Decimal Classification     Infantil Biblioteca Pública Mesetas - Franco lodo Poloxi Biblioteca Pública Mesetas - Franco lodo Poloxi Sala Infantil 07/28/2025       C VAL15 ME01169 02/17/2025 Ej.1 02/17/2025 LIbro    
  Dewey Decimal Classification     Infantil Biblioteca Pública Rural El Yarí- vereda Playa Rica La Macarena Biblioteca Pública Rural El Yarí- vereda Playa Rica La Macarena Sala Infantil 11/08/2024 BPM'676       BPM'676 06/05/2025 Ej.1 06/05/2025 LIbro   ministerio de cultura
  Dewey Decimal Classification     Infantil Biblioteca Pública San Juanito - Ernesto Maria Peña Romero Biblioteca Pública San Juanito - Ernesto Maria Peña Romero Sala Infantil 01/26/2024     2 C VAL15 SJU00448 05/07/2026 Ej.1 01/26/2024 LIbro 03/03/2026  
  Dewey Decimal Classification     Infantil Biblioteca Pública Uribe - Reinerio Arenas Biblioteca Pública Uribe - Reinerio Arenas Sala Infantil 07/24/2025       C VAL15 URI03087 07/24/2025 Ej.1 07/24/2025 Libro Infantil    









Instituto Departamental de Cultura del Meta - Red Departamental de Bibliotecas Públicas del Meta.